[Event "GER-ch Schools U18 Girls"]
[Site "Germany"]
[Date "2009.05.17"]
[Round "6.4"]
[White "Bischoff, Marlene"]
[Black "Hoelzer, Jeanette"]
[Result "1/2-1/2"]
[WhiteElo "966"]
[BlackElo "800"]
[PlyCount "130"]
[EventDate "2009.05.16"]
[EventType "team-swiss"]
[EventRounds "7"]
[EventCountry "GER"]
[SourceTitle "EXT 2011"]
[Source "ChessBase"]
[SourceDate "2010.11.26"]
[SourceVersion "1"]
[SourceVersionDate "2010.11.26"]
[SourceQuality "1"]
[WhiteTeam "Schoenborn Bruchsal (W)"]
[BlackTeam "Hamburg MCG (W)"]
[WhiteTeamCountry "GER"]
[BlackTeamCountry "GER"]

1. e4 e5 2. Nf3 Nc6 3. d4 d6 4. dxe5 dxe5 5. Qxd8+ Kxd8 6. Nc3 Bb4 7. Bd2 Nf6 8. a3 Bxc3 9. Bxc3 Re8 10. 0-0-0+ Bd7 11. Bd3 Ng4 12. Rdf1 g6 13. Ng5 Re7 14. Bc4 Be6 15. Nxe6+ fxe6 16. f3 Nf6 17. Rd1+ Nd7 18. Bb5 Rb8 19. Bxc6 bxc6 20. Bxe5 Kc8 21. Bf4 e5 22. Bg5 Re6 23. Rd3 Rd6 24. Rhd1 Rxd3 25. Rxd3 Nc5 26. Rd8+ Kb7 27. Rxb8+ Kxb8 28. Be3 Na4 29. b3 Nc3 30. Kb2 Nd1+ 31. Kc1 Nxe3 32. g4 h5 33. h3 a5 34. Kd2 Nf1+ 35. Ke2 Ng3+ 36. Kf2 Nh1+ 37. Kg2 hxg4 38. Kxh1 gxf3 39. Kg1 Kb7 40. Kf2 Kb6 41. Kxf3 Kb5 42. c4+ Kc5 43. Kg4 Kd4 44. Kf3 Kd3 45. c5 Kd4 46. h4 Kxc5 47. Kg4 Kd4 48. Kg5 Kxe4 49. Kxg6 Kd4 50. h5 e4 51. h6 Kd3 52. h7 e3 53. h8Q e2 54. Qd8+ Ke4 55. Qe8+ Kd3 56. Qxc6 e1Q 57. Qc4+ Kd2 58. Qxc7 Qe6+ 59. Kg5 Ke3 60. Qc3+ Ke4 61. Qe1+ Kd5 62. Qxe6+ Kxe6 63. b4 axb4 64. axb4 Kd6 65. b5 Kc5 1/2-1/2

[Event "GER-chT U14 Girls"]
[Site "Stuttgart"]
[Date "2007.12.27"]
[Round "1.3"]
[White "Bischoff, Marlene"]
[Black "Pilat, Angelice"]
[Result "0-1"]
[WhiteElo "958"]
[BlackElo "1056"]
[PlyCount "114"]
[EventDate "2007.12.27"]
[EventType "team-swiss"]
[EventRounds "7"]
[EventCountry "GER"]
[SourceTitle "EXT 2009"]
[Source "ChessBase"]
[SourceDate "2008.11.26"]
[SourceVersion "1"]
[SourceVersionDate "2008.11.26"]
[SourceQuality "1"]
[WhiteTeam "Untergrombach U14 Girls"]
[BlackTeam "Porta Westfalica U14 Girls"]
[WhiteTeamCountry "GER"]
[BlackTeamCountry "GER"]

1. e4 e5 2. Nf3 Nc6 3. d4 exd4 4. Nxd4 Nf6 5. Nc3 Bb4 6. Bg5 h6 7. Bh4 g5 8. a3 Bxc3+ 9. bxc3 gxh4 10. Qd3 Nxd4 11. Qxd4 Qe7 12. Bd3 d5 13. f3 dxe4 14. fxe4 Bf5 15. e5 Bxd3 16. cxd3 Nd7 17. e6 Nf6 18. 0-0 Rd8 19. Qe5 Qxe6 20. Qxf6 Qxf6 21. Rxf6 Rxd3 22. Rc1 Rh7 23. a4 Kd8 24. c4 c6 25. Rb1 Kc7 26. a5 Ra3 27. Rf5 b6 28. axb6+ axb6 29. c5 Ra6 30. Re1 Kd7 31. Rd1+ Kc7 32. Rd6 bxc5 33. Rff6 c4 34. Rd1 Kb6 35. Rf4 Kb5 36. Rc1 Ra4 37. Rxh4 f6 38. Rh5+ c5 39. Rh3 Rd7 40. Rb1+ Rb4 41. Rc1 Rb3 42. Rxb3+ cxb3 43. Rf1 c4 44. Kf2 b2 45. Kg3 c3 46. Rxf6 b1Q 47. Rf3 Qe1+ 48. Kg4 Qe2 49. h3 Qxg2+ 50. Kf4 Rf7+ 51. Ke3 Qxf3+ 52. Kd4 c2 53. h4 Re7 54. h5 Qd1+ 55. Kc3 Rc7+ 56. Kb2 Qb1+ 57. Ka3 c1Q# 0-1